000
00235 a2200097 4500
001
33622
100
_a
Hoffmann, Laurence D.
245
_a
Finite mathematics with calculus
260
_a
N Y.
_b
McGraw-Hill
_c
1995
090
_c
22366
_d
22366
942
_a
NUST-CAE
_c
M
_c
13743
999
_c
268695
_d
268695